| 000 | 00449nam a2200169Ia 4500 | ||
|---|---|---|---|
| 003 | GCL | ||
| 008 | 140319s9999 xx 000 0 eng d | ||
| 040 |
_aGCL / _cGCL |
||
| 082 | 0 | 4 |
_a005.75 _bD D |
| 100 | 1 | _aDAVIS. STEVE | |
| 245 | 1 | 0 |
_aDBASE IV 2.0 QUICK REFERENCE / _cDAVIS. STEVE |
| 260 |
_a[S.N] : _bQUE CORPORATION ، _c1993 |
||
| 300 | _a150 P | ||
| 650 | 0 | 4 | _aDBASE IV 2.0 (COMPUTER PROGRM ) |
| 650 | 0 | 4 | _aCOMPUTER PROGRM |
| 942 |
_2ddc _cBK |
||
| 999 |
_c23843 _d23843 |
||